000 01052nam a2200265 a 4500
001 40299
003 BD-RjUL
005 20211209053204.0
008 160427s1976 b ||||| |||| 00| 0 ben d
020 _c: Tk. 25.00
035 _a(BD-RjUL) 40414
040 _aBD-RjUL
_bben
_cBD-RjUL
041 _aben
082 _223
_a321.8
_bLIA 1976
100 _aলিণ্ডসে, এ. ডি.
_9124161
245 1 0 _aআধুনিক গণতান্ত্রিক রাষ্ট্র /
_cএ. ডি. লিণ্ডসে ; মুহম্মদ আয়েশ উদ্দিন অনূদিত
260 _aঢাকা :
_bবাংলা একাডেমী,
_c১৯৭৬
300 _a(৩৯), ৩৫০ পৃ. ;
_c২১ সেমি.
490 _aবাএ ;
_v৭৩৫
650 _aগণতন্ত্র
_9124162
650 _aDemocracy
_9124163
700 _aউদ্দিন, মুহম্মদ আয়েশ, অনুবাদক
_9124164
830 _aবাএ ;
_v৭৩৫
_9124165
942 _2ddc
_cBK
999 _c40299
_d40299